<?xml version="1.0" encoding="UTF-8"?>
<record
    xmlns:xsi="http://www.w3.org/2001/XMLSchema-instance"
    xsi:schemaLocation="http://www.loc.gov/MARC21/slim http://www.loc.gov/standards/marcxml/schema/MARC21slim.xsd"
    xmlns="http://www.loc.gov/MARC21/slim">

  <leader>00669cam a22002051  4500</leader>
  <controlfield tag="001">ne 62000290 </controlfield>
  <controlfield tag="003">DLC</controlfield>
  <controlfield tag="005">20260227111734.0</controlfield>
  <controlfield tag="008">900823s1933    tu            000 0 tur  </controlfield>
  <datafield tag="010" ind1=" " ind2=" ">
    <subfield code="a">ne 62000290 </subfield>
  </datafield>
  <datafield tag="035" ind1=" " ind2=" ">
    <subfield code="a">(OCoLC)22262746</subfield>
  </datafield>
  <datafield tag="040" ind1=" " ind2=" ">
    <subfield code="a">DLC</subfield>
    <subfield code="c">CLU</subfield>
    <subfield code="d">OCoLC</subfield>
    <subfield code="d">DLC</subfield>
  </datafield>
  <datafield tag="050" ind1="0" ind2="0">
    <subfield code="a">PL248.G4</subfield>
    <subfield code="b">Z65</subfield>
  </datafield>
  <datafield tag="100" ind1="1" ind2=" ">
    <subfield code="a">Ergun, Sadettin N&#xFC;zhet.</subfield>
  </datafield>
  <datafield tag="245" ind1="0" ind2="0">
    <subfield code="a">XIX uncu as&#x131;r saz&#x15F;airlerinden Be&#x15F;ikta&#x15F;&#x2BC;l&#x131; Geda&#x131;&#x302;.</subfield>
    <subfield code="c">[Haz&#x131;rl&#x131;yan] Sadettin N&#xFC;zhet.</subfield>
  </datafield>
  <datafield tag="246" ind1="3" ind2=" ">
    <subfield code="a">Ondokuzuncu as&#x131;r saz&#x15F;airlerinden Be&#x15F;ikta&#x15F;&#x2BC;l&#x131; Geda&#x131;&#x302;</subfield>
  </datafield>
  <datafield tag="260" ind1=" " ind2=" ">
    <subfield code="a">[&#x130;stanbul]</subfield>
    <subfield code="b">S&#xFC;hulet K&#xFC;t&#xFC;phanesi</subfield>
    <subfield code="c">[1933?]</subfield>
  </datafield>
  <datafield tag="300" ind1=" " ind2=" ">
    <subfield code="a">106 p.</subfield>
    <subfield code="c">20 cm.</subfield>
  </datafield>
  <datafield tag="700" ind1="0" ind2=" ">
    <subfield code="a">Geda&#x131;,</subfield>
    <subfield code="d">-approximately 1889.</subfield>
  </datafield>
  <datafield tag="999" ind1=" " ind2=" ">
    <subfield code="c">45029</subfield>
    <subfield code="d">45029</subfield>
  </datafield>
</record>
